Statistics for Best Skill player for every NFL Team

Click here to take the quiz!

General Stats

  • This quiz has been taken 23 times
  • The average score is 16 of 32

Answer Stats

HintAnswer% Correct
PackersDavante Adams
76%
TitansDerrick Henry
76%
BillsStefon Diggs
76%
ChiefsPatrick Mahomes
71%
CowboysAmari Cooper
65%
BengalsJamar Chase
65%
RavensLamar Jackson
65%
GiantsSaquon Barkley
65%
ColtsJonathan Taylor
59%
VikingsJustin Jefferson
59%
BrownsNick Chubb
59%
CardinalsDeandre Hopkins
53%
SeahwksDK Metcalf
53%
ChargersJustin Herbert
53%
BuccaneersTom Brady
53%
BearsAllen Robinson
47%
Washington Football TeamAntonio Gibson
47%
JagsJames Robinnson
47%
PatsMac Jones
47%
EaglesMiles Sanders
47%
TexansBrandon Cooks
41%
BroncosCourtland Sutton
41%
LionsDeandre Swift
41%
SaintsAlvin Kamara
35%
PanthersChristian Mccaffrey
35%
49ersGeorge Kittle
35%
RaidersJosh Jacobs
35%
FalconsCalvin Ridley
29%
PhinsDavante Parker
24%
JetsJamison Crowder
24%
SteelersJuju
18%
RamsCooper Cupp
12%

Score Distribution

Percentile by Number Answered

Percent of People with Each Score

Your Score History

You have not taken this quiz